United States : Financial Sector Assessment Program-Detailed Assessment of Implementation on the IOSCO Objectives and Principles of Securities Regulation.

This paper discusses key findings of the Detailed Assessment of Implementation of the IOSCO (International Organization of Securities Commissions) Objectives and Principles of Securities Regulation on the United States. The United States has large, well-developed, and complex securities and derivati...

Celý popis

Podrobná bibliografie
Korporativní autor: International Monetary Fund. Monetary and Capital Markets Department
Médium: Časopis
Jazyk:English
Vydáno: Washington, D.C. : International Monetary Fund, 2015.
Edice:IMF Staff Country Reports; Country Report ; No. 2015/091
On-line přístup:Full text available on IMF
LEADER 01916cas a2200241 a 4500
001 AALejournalIMF015148
008 230101c9999 xx r poo 0 0eng d
020 |c 5.00 USD 
020 |z 9781484312827 
022 |a 1934-7685 
040 |a BD-DhAAL  |c BD-DhAAL 
110 2 |a International Monetary Fund.  |b Monetary and Capital Markets Department. 
245 1 0 |a United States :   |b Financial Sector Assessment Program-Detailed Assessment of Implementation on the IOSCO Objectives and Principles of Securities Regulation. 
264 1 |a Washington, D.C. :  |b International Monetary Fund,  |c 2015. 
300 |a 1 online resource (248 pages) 
490 1 |a IMF Staff Country Reports 
500 |a <strong>Off-Campus Access:</strong> No User ID or Password Required 
500 |a <strong>On-Campus Access:</strong> No User ID or Password Required 
506 |a Electronic access restricted to authorized BRAC University faculty, staff and students 
520 3 |a This paper discusses key findings of the Detailed Assessment of Implementation of the IOSCO (International Organization of Securities Commissions) Objectives and Principles of Securities Regulation on the United States. The United States has large, well-developed, and complex securities and derivatives markets. Postcrisis, the legal mandates of the Securities and Exchange Commission (SEC) and the Commodity Futures Trading Commission (CFTC) have significantly expanded. The level of funding of both the SEC and CFTC is a key challenge affecting their ability to deliver on their mandates in a way that provides confidence to markets and investors. The fragmented structure of equity markets remains a key challenge for the SEC. 
538 |a Mode of access: Internet 
830 0 |a IMF Staff Country Reports; Country Report ;  |v No. 2015/091 
856 4 0 |z Full text available on IMF  |u http://elibrary.imf.org/view/journals/002/2015/091/002.2015.issue-091-en.xml  |z IMF e-Library